LEADER 00822nam a2200193 i 4500 001 000000234608 003 CaOOAMICUS 005 20141017000000.0 008 141017s1779 it u000 u ita u 013 $a213511 026 $ao-e. i.e- e-;e toin (3) 1779 (R) 040 $aSeMil$bita 245 10$aDall'an. 1243 al 1260. 300 $a390, [2] p. 500 $aSegn. : A-2A8 2B4. 773 0 $aFleury, Claude <1640-1723>$tStoria ecclesiastica di monsignor Claudio Fleury tradotta dal francese a Sua Eccellenza Carlo conte e signore De Firmian ... Tomo 1. [-63.].$dSiena : Dalle stampe di Vincenzo Pazzini Carli, e Figli, 1776-1792.$g28$w()30721 850 $aSeMil 852 $aSeMil$W1$xVenegono$y1$m3B I 28 FA$j184954$B184954$CSeMilBibl$Z2$F195884 $8I 996 $6245$aDall'an. 1243 al 1260$9(OLS)http://semarc/title/334786 LEADER 01344nam a2200301 i 4500 001 000000162218 003 CaOOAMICUS 005 20181018164739.0 008 090310s2008 it u000 u ita u 013 $a139582 020 $a978-88-10-22136-5 040 $aSeMil$bita 100 1 $aBovati, Pietro,$c.$0(OLS)http://semarc/name/89715 245 10$a«Così parla il Signore» :$bstudi sul profetismo biblico /$cPietro Bovati ; a cura di Salvatore Maurizio Sessa. 260 $aBologna :$bEDB,$c2008. 300 $a264 p. ;$c21 cm. 490 0 $aBiblica [EDB] 650 4$aBibbia. Antico Testamento. Profeti - Meditazioni.$0(OLS)http://semarc/subject/17767 650 4$aBibbia. Antico Testamento. Profeti - Analisi narrativa e linguistica.$0(OLS)http://semarc/subject/17768 700 1 $aSessa, Salvatore Maurizio.$0(OLS)http://semarc/name/42902 830 0$aBiblica.$0(OLS)http://semarc/title/6074 850 $aSeMil 852 $aSeMil$W1$xVenegono$y1$m2V II 242$j113593$B113593$CSeMilBibl$Z2$F140311 $81 961 $aAcquisto: DEA 996 $6020$a978-88-10-22136-5$9(OLS)http://semarc/number/78361 996 $6245$a«Così parla il Signore» :$bstudi sul profetismo biblico$9(OLS)http://semarc/title/145818 996 $6260$aBologna :$bEDB$9(OLS)http://semarc/publisher/29669